Молодые - наукам о Земле: межвузовская научная конференция студентов, аспирантов и молодых ученых, 25-27 марта 2008 года; материалы конференции

Détails bibliographiques
Collectivités auteurs: Российский государственный геологоразведочный университет им. Серго Орджоникидзе Студенческое научно-техническое общество (570), Молодые - наукам о Земле
Langue:russe
Publié: Москва, Экономическая литература, 2008
Sujets:
Format: MixedMaterials Livre
KOHA link:https://koha.lib.tpu.ru/cgi-bin/koha/opac-detail.pl?biblionumber=670847

MARC

LEADER 00000nam0a2200000 4500
001 670847
005 20240626143102.0
090 |a 670847 
100 |a 20240221d2008 k||y0rusy50 ca 
101 0 |a rus 
102 |a RU 
105 |a a z 100yy 
181 0 |a i   |b  e  
182 0 |a n 
183 0 |a nc  |2 RDAcarrier 
200 1 |a Молодые - наукам о Земле  |e межвузовская научная конференция студентов, аспирантов и молодых ученых, 25-27 марта 2008 года  |e материалы конференции  |f Студенческое научно-техническое общество РГГРУ 
203 |a Текст  |b визуальный  |c непосредственный 
210 |a Москва  |c Экономическая литература  |d 2008 
215 |a 374 с.  |c ил. 
283 |a volume  |2 RDAcarrier 
606 1 |a Науки о Земле  |9 64360 
610 1 |a научные коныеренции 
610 1 |a геология 
610 1 |a месторождения полезных ископаемых 
610 1 |a твердые полезные ископаемые 
610 1 |a углеводороды 
610 1 |a литология 
610 1 |a нефть 
610 1 |a природный газ 
610 1 |a Россия 
610 1 |a геотектоника 
610 1 |a геодинамика 
610 1 |a подземные воды 
610 1 |a поверхностные воды 
610 1 |a инженерная геология 
610 1 |a исторические памятники 
610 1 |a охрана 
610 1 |a минералогия 
610 1 |a геохимия 
610 1 |a петрография 
610 1 |a геммология 
610 1 |a экология 
610 1 |a природопользование 
610 1 |a экологический мониторинг 
610 1 |a геологическая разведка 
610 1 |a геофизические методы 
610 1 |a промышленное освоение 
610 1 |a Земля 
610 1 |a тепловое поле 
610 1 |a петрология 
675 |a 551.1(063)  |v 4 
712 0 2 |a Российский государственный геологоразведочный университет им. Серго Орджоникидзе  |c (Москва)  |c (2005- )  |4 570  |9 24525  |b Студенческое научно-техническое общество 
712 1 2 |a Молодые - наукам о Земле  |c межвузовская научная конференция  |4 570  |e Москва  |f 2008 
801 0 |a RU  |b 63413507  |c 20240221 
942 |c BK